000 00501nam a22001577a 4500
005 2011120801101.0
020 _a9781593394264
037 _bPUB
245 _aNumbers /
_cillustrated by Carrie Hartman
260 _aNew Delhi
_bEncyclopaedia Britannica
_c2008
300 _aV10 (64p.)
_c25cm (Hb)
_bill.
490 _a Britannica discovery library
_936696
700 _aHartman, Carrie
_936697
942 _2ddc
_cCH
_mNUM
999 _c59161
_d59161